Harry Potter Quiz - Statistics

General Stats
  • This quiz has been taken 78 times
  • The average score is 18 of 25
Answer Stats
Hint Answer % Correct
What school do they go to? Hogwarts
98%
Did Dumbledore die? (Yes or No) Yes
92%
Is Harry Potter the chosen one (yes or no) Yes
92%
Who are Harry Potter's best friends? Ron and Hermione
90%
Who killed Harry Potters Parents? Voldemort
90%
What is the Harry Potters mothers name? Lily Potter
88%
And whats the dads name? James Potter
86%
What animal can professor McGongall Change into? Cat
83%
Who is Harry's Enemy? Draco Malfoy
83%
When Voldemort tried to kill him, What Color wasthe burst of light? Green
81%
Who dropped Harry Potter at the dursleys doorstep? Hagrid
78%
True or false Ron Broke his wand True
78%
What age does he find out that he is a wizard 11
76%
what house did the sorting hat want to put him in at first? Slytherin
76%
How many times did Harry Survive The Killing Curse? 2
75%
Who does Harry Potter Marry in the last Book/movie Ginny weasley
71%
Who does Harry Live With? The Dursleys
71%
What Saved Harry from dying the night that Voldemortkilled his parents? What was so strong that he survived? His mothers Love for him
69%
who killed Sirius black? Bellatrix Lestrange
66%
What Magic Creature is Hagrids Brother? Giant
64%
In Deathly Hollows Harry Realizes That ____ One of the last Horcruces Which Makes
Everyone very Upset Whats The Horcrux?
Harry Potter
61%
What twin dyes later in the last book/movie George Weasley
58%
Harrys Scar is in the shape of a Lightning Bolt
51%
What does Vernon sell? Drain Pipes
3%
What house did he say he wanted to be in? Griffondor
3%
No matching quizzes found
Score Distribution
Percent of People with Each Score
Percentile by Number Answered
Your Score History
You have not taken this quiz